Identify the Country from the Flag Name(s) - Statistics

General Stats
  • This quiz has been taken 34 times
  • The average score is 11 of 14
Answer Stats
Hint Country % Correct
Maple Leaf / l'Unifolié Canada
100%
Flagge Deutschlands / Schwarz-Rot-Gold (‘Black-Red-Gold’’) Germany
97%
The Union Jack / The Union Flag UK
97%
Российский триколор (Rosiiski Trikolor) Russia
94%
Drapeau Tricolore (Tricolour Flag) France
91%
Hinomaru (‘Circle of the Sun’) Japan
88%
The Stars and Stripes USA
88%
Flagge Österreichs / Bindenschild / Rot-Weiss-Rot (‘Red-White-White’) Austria
85%
Dannebrog Denmark
82%
Y Ddraig Goch (‘The Red Dragon’) Wales
76%
Saltire / St. Andrew’s Cross Scotland
70%
Il Tricolore (The Tricolour) Italy
64%
Galanólefki (‘Sky Blue and White’) Greece
58%
The Rainbow Flag South Africa
42%
No matching quizzes found
Score Distribution
Percent of People with Each Score
Percentile by Number Answered
Your Score History
You have not taken this quiz